Obálka Náhled e-knihy:
PDF Epub
Pro půjčování e-knih musíte být přihlášeni.
Jak si půjčit online?

Píseň mrtvých /

Pokračování Trnité kletby, druhý díl originální young adult fantasy trilogie. Nechte se znovu strhnout příběhy z aztécké mytologie, mistrně vybudovaným světem a barevností rostlinné magie.

Uloženo v:
Série:Květinové války, část 2
Hlavní autor: Kočová, Anežka, 2000- (Autor)
Médium: E-kniha
Jazyk:Czech
Vydáno: V Praze : Pointa, 2025
Vydání:První vydání
Témata:
Příbuzné jednotky:Z cyklu:: Květinové války
Tagy:
Žádné tagy
LEADER 02925nam a2200517 i 4500
001 312747
003 CZ PrSKC
005 20260601215728.0
007 ta
008 250527s2025 xr d 000 f cze
015 |a cnb003686993 
020 |a 9788076917538  |q (brožováno) :  |c Kč 479,00 
035 |a (OCoLC)1527578248 
040 |a ABG001  |b cze  |d OLA001  |d ABA001  |e rda 
072 7 |a 821.162.3-3  |x Česká próza  |2 Konspekt 
072 7 |a 821-93  |x Literatura pro děti a mládež (beletrie)  |2 Konspekt 
080 |a 821.162.3-31  |2 MRF 
080 |a 821-93-053.67  |2 MRF 
080 |a 821-93  |2 MRF 
080 |a (0:82-312.9)  |2 MRF 
100 1 |a Kočová, Anežka,  |d 2000-  |7 osa20231209364  |4 aut 
245 1 0 |a Píseň mrtvých /  |c Anežka Kočová 
250 |a První vydání 
264 1 |a V Praze :  |b Pointa,  |c 2025 
300 |a 412 stran ;  |c 21 cm 
336 |a text  |b txt  |2 rdacontent 
337 |a bez média  |b n  |2 rdamedia 
338 |a svazek  |b nc  |2 rdacarrier 
500 |a Obálkový podnázev: smrt je jen začátek 
500 |a Terminologický slovník 
520 2 |a Pokračování Trnité kletby, druhý díl originální young adult fantasy trilogie. Nechte se znovu strhnout příběhy z aztécké mytologie, mistrně vybudovaným světem a barevností rostlinné magie.  |b První část klíče nalezená. Tři zbývají... Když byla Convallaria Leroyová za velezradu odsouzena k smrti, věřila, že je vše ztraceno. Že bude zachráněna samotným guvernérem Západní provincie, ji však nenapadlo ani v nejdivočejších snech. Jejich společné pátrání po ztracené knihovně ji zavedlo daleko od domova a brzy ji zavede ještě dál. Stopy vedou do tajemné Jižní provincie a Tenochtitlánu, jezerního města a srdce aztécké říše. Jaká tajemství skrývají pozlacené sochy a chrámy bohů bažících po krvi? Co se skrývá v mlžných lesích za hranicemi Jižní provincie? Nakladatelská anotace. Kráceno. 
655 7 |a české romány  |7 fd133974  |2 czenas 
655 7 |a fantasy romány  |7 fd184199  |2 czenas 
655 7 |a literatura young adult  |7 fd1185572  |2 czenas 
655 7 |a publikace pro mládež  |7 fd133157  |2 czenas 
655 9 |a Czech fiction  |2 eczenas 
655 9 |a fantasy novels  |2 eczenas 
655 9 |a young adult literature  |2 eczenas 
655 9 |a juvenile literature  |2 eczenas 
787 0 8 |i Z cyklu:  |t Květinové války  |g 2 
900 |a ABA001  |b 20 
928 9 |a Albatros Media - Pointa 
044 |a xr 
910 |a RBIT002 
998 |d 420926  |a https://core.palmknihy.cz/api/books/420926/cover?sxshwq  |b https://core.palmknihy.cz/api/books/420926/cover/400?sxshwq  |c https://core.palmknihy.cz/api/books/420926/cover/50?sxshwq  |e 2029-09-20  |g 416  |i 9788076917538  |j https://core.palmknihy.cz/api/books/420926/preview.epub  |k https://core.palmknihy.cz/api/books/420926/preview.pdf  |l   |q 49  |r 1  |s https://www.palmknihy.cz/kniha/420926  |t ebook  |y 2025  |z 0  |v Květinové války  |w 2 
999 |d 312745